|
|
|
|
| LEADER |
00886nam a2200205 a 4500 |
| 001 |
GR-MES310 |
| 008 |
991111s1982 enk 000 b eng d |
| 020 |
|
|
|a 0125896603
|
| 040 |
|
|
|a GrPaTEI
|b gre
|c GR-PaULI
|
| 245 |
0 |
0 |
|a Microbial diseases of fish.
|
| 260 |
|
|
|a London :
|b Academic press,
|c 1982
|
| 300 |
|
|
|a x,305σελ. :
|b εικ.,πιν.
|
| 500 |
|
|
|a Περιλαμβάνει βιβλιογραφικές αναφορές
|
| 650 |
|
4 |
|a Ψάρια-Ασθένειες-Συνέδρια
|
| 650 |
|
4 |
|a Ψάρια-Μικροβιολογία-Συνέδρια
|
| 700 |
1 |
|
|a Roberts, R.J
|
| 942 |
|
|
|2 ddc
|
| 952 |
|
|
|0 0
|1 0
|2 ddc
|4 0
|6 597_000000000000000_ROB
|7 0
|9 263530
|a MSLG
|b MSLG
|c BSC
|d 2021-01-17
|e 24
|f 0
|g 0.00
|l 0
|o 597 ROB
|p 2420000003885
|r 2021-01-17 00:00:00
|t 1
|w 2021-01-17
|y BK15
|x ΑΠΩΛΕΙΑ ΒΙΒΛΙΟΥ
|x 19991111 0 1
|x GrPaTEI
|
| 971 |
|
|
|a .b25713516
|b 15-04-20
|c 13-09-16
|
| 999 |
|
|
|c 151708
|d 151708
|